00788nam a2200241 a 450000100060000000300090000600800410001502000180005604000280007408200140010210000310011624500650014725000110021226000290022330000100025265000260026265000180028865000250030665000370033194200120036899900170038095201490039723180CO-ViMGA141112s2004 ck r 000 u spa d a9789584103652 aCO-ViMGAbspacCO-ViMGA04a657 S454s1 aSinisterra, Gonzalo93340510aContabilidad Sistema de informacion para las organizaciones a5a ed. aColombia : bMcGraw Hill a408p.14aAJUSTES POR INFLACION14aCONTABILIDAD 14aESTADOS FINANCIEROS 14aINFLACION Y CONTABILIDAD 933406 2ddccBK c31433d31433 00102ddc40708002aMEVIECARbMEVIECARd2015-12-04hVolumen. 1 | 14/abr/2010l0o657 S454s p23324r2015-12-04 00:00:00tEj. 1w2015-12-04yBK